[Event "VII Open A"]
[Site "Genova ITA"]
[Date "2003.08.06"]
[Round "6"]
[White "Isonzo, David"]
[Black "Abolianin, Arthur"]
[Result "0-1"]
[WhiteElo "2347"]
[BlackElo "2418"]
[PlyCount "102"]
[EventDate "2003.08.02"]

1. e4 c5 2. Nf3 Nc6 3. d4 cxd4 4. Nxd4 Nf6 5. Nc3 g6 6. Nxc6 bxc6 7. e5 Ng8 8.
Bc4 Bg7 9. Bf4 f5 10. Qd2 e6 11. O-O-O Qc7 12. g4 Ne7 13. Qd6 Qxd6 14. exd6 Nd5
15. Nxd5 cxd5 16. Bxd5 Rb8 17. c3 g5 18. Bxg5 exd5 19. Rhe1+ Kf7 20. gxf5 Bf6
21. Bxf6 Kxf6 22. Rxd5 Rb6 23. Re7 Rxd6 24. Rxh7 Rxh7 25. Rxd6+ Kxf5 26. Rd5+
Ke6 27. Rc5 Bb7 28. Rc7 Bc6 29. Rxa7 Rxh2 30. Kc2 Rxf2+ 31. Kb3 d5 32. Ka3 Kd6
33. Rg7 Kc5 34. Rg4 Bb5 35. Rh4 Rf8 36. b4+ Kd6 37. Rh2 Ra8+ 38. Kb2 Bc4 39. a3
Kc6 40. Rf2 Kb5 41. Rd2 Ka4 42. Rh2 Re8 43. Rd2 Re1 44. Rh2 Bd3 45. Rd2 Be4 46.
b5 Kxb5 47. Rd4 Re2+ 48. Kb3 Bc2+ 49. Kb2 Bd3+ 50. Kc1 Bc4 51. Kd1 Rh2 0-1

[Event "VII Open A"]
[Site "Genova ITA"]
[Date "2003.08.06"]
[Round "6"]
[White "Mollero, Michele"]
[Black "Astengo, Marcello"]
[Result "1-0"]
[WhiteElo "2179"]
[BlackElo "2070"]
[PlyCount "70"]
[EventDate "2003.08.02"]

1. e4 e6 2. d4 d5 3. Nc3 Bb4 4. e5 c5 5. Bd2 Bxc3 6. bxc3 c4 7. Qg4 Kf8 8. Nh3
Bd7 9. Rb1 b5 10. Ng5 Nh6 11. Qf3 Qa5 12. Be2 Nc6 13. Rb2 a6 14. h4 Rc8 15. Rh3
Kg8 16. Qf4 Be8 17. Bh5 Qa3 18. Bc1 Qe7 19. Ne4 Nf5 20. Nf6+ Kf8 21. g4 Nd6 22.
g5 Nf5 23. Bg4 b4 24. Bxf5 bxc3 25. Rxc3 exf5 26. Nxd5 Qa7 27. e6 fxe6 28. Qd6+
Kf7 29. Nf4 Qd7 30. Qxd7+ Bxd7 31. Rxc4 Na5 32. Rxc8 Rxc8 33. Be3 Nc4 34. Rb7
Ke8 35. d5 e5 1-0

[Event "VII Open A"]
[Site "Genova ITA"]
[Date "2003.08.06"]
[Round "6"]
[White "Piscopo, Pierluigi"]
[Black "Al Khaja, Arif"]
[Result "1-0"]
[WhiteElo "2319"]
[BlackElo "2094"]
[PlyCount "59"]
[EventDate "2003.08.02"]

1. e4 c5 2. Nf3 Nc6 3. Bb5 g6 4. O-O Bg7 5. c3 Nf6 6. e5 Nd5 7. d4 cxd4 8. cxd4
O-O 9. Re1 Nc7 10. Nc3 Nxb5 11. Nxb5 a6 12. Nc3 d6 13. exd6 Qxd6 14. d5 Bxc3
15. bxc3 Rd8 16. c4 Bg4 17. Bb2 Qb4 18. Qb3 Bxf3 19. gxf3 Qxb3 20. axb3 Nb4 21.
Rxe7 b5 22. Bc3 Nd3 23. Rc7 Nf4 24. Bf6 Rdb8 25. d6 bxc4 26. bxc4 Ne6 27. Rc6
a5 28. d7 a4 29. h4 a3 30. Rxa3 1-0

[Event "VII Open A"]
[Site "Genova ITA"]
[Date "2003.08.06"]
[Round "6"]
[White "Tayeb, Suhail"]
[Black "Djuric, Stefan"]
[Result "0-1"]
[WhiteElo "2241"]
[BlackElo "2488"]
[PlyCount "68"]
[EventDate "2003.08.02"]

1. e4 e5 2. Nf3 Nc6 3. Bb5 a6 4. Bxc6 dxc6 5. Nc3 Bg4 6. h3 Bxf3 7. Qxf3 Qd6 8.
d3 Be7 9. Bd2 Bf6 10. O-O Ne7 11. Qg3 Ng6 12. Rae1 O-O-O 13. Qe3 Kb8 14. Ne2 h6
15. g3 Qd7 16. Kh2 h5 17. h4 Nf8 18. Ng1 Ne6 19. Nh3 Rdg8 20. Qf3 Bd8 21. c3 g5
22. Bxg5 Bxg5 23. hxg5 Nxg5 24. Nxg5 Rxg5 25. Kg2 h4 26. Rh1 f5 27. exf5 Rxf5
28. Qe3 h3+ 29. Kf1 Rhf8 30. Re2 Rf3 31. Qe4 Rxg3 32. Re3 Qf7 33. Rh2 Qg8 34.
Ke2 Rg2 0-1

[Event "VII Open A"]
[Site "Genova ITA"]
[Date "2003.08.07"]
[Round "7"]
[White "Abolianin, Arthur"]
[Black "Sale, Srdjan"]
[Result "0-1"]
[WhiteElo "2418"]
[BlackElo "2420"]
[PlyCount "102"]
[EventDate "2003.08.02"]

1. Nf3 Nf6 2. c4 g6 3. g3 Bg7 4. Bg2 O-O 5. O-O d6 6. d4 Nbd7 7. Nc3 a6 8. b3
c5 9. Bb2 Rb8 10. Qc2 b5 11. Nd5 bxc4 12. Nxf6+ Bxf6 13. Qxc4 Bb7 14. Rfd1 Qa5
15. Bc3 Qb5 16. Qxb5 axb5 17. Rac1 Ra8 18. Bh3 Bxf3 19. exf3 cxd4 20. Bxd4 Ne5
21. Kg2 g5 22. Bf5 Kg7 23. Rd2 e6 24. Bb1 Rfc8 25. Rdc2 Rxc2 26. Rxc2 Nd3 27.
Bxf6+ Kxf6 28. Rd2 Ne1+ 29. Kf1 Nxf3 30. Rxd6 Ke7 31. Rd1 Nxh2+ 32. Kg2 Ng4 33.
Rd4 h5 34. Rb4 Rd8 35. Rxb5 Rd2 36. a4 Rxf2+ 37. Kg1 f5 38. a5 Rd2 39. a6 Rd1+
40. Kg2 Rxb1 41. Ra5 Ne3+ 42. Kf2 Nd5 43. a7 Rb2+ 44. Kg1 Nb6 45. Rb5 Ra2 46.
Rxb6 Rxa7 47. b4 Ra2 48. b5 Rb2 49. Rb8 Kf6 50. b6 Ke5 51. b7 g4 0-1

[Event "VII Open A"]
[Site "Genova ITA"]
[Date "2003.08.07"]
[Round "7"]
[White "Cacco, Christian"]
[Black "Yahya, Mohamed Saleh"]
[Result "1-0"]
[WhiteElo "2330"]
[BlackElo "2095"]
[PlyCount "59"]
[EventDate "2003.08.02"]

1. d4 Nf6 2. Nf3 g6 3. g3 d5 4. c4 Bg7 5. Bg2 O-O 6. cxd5 Nxd5 7. O-O Nc6 8. e4
Nb6 9. d5 Ne5 10. Nxe5 Bxe5 11. Nc3 e6 12. Bh6 Re8 13. Qb3 exd5 14. exd5 Bg4
15. h3 Bf5 16. Rad1 Rb8 17. a4 Nc8 18. g4 Qh4 19. f4 Bxg4 20. hxg4 Bd6 21. Qb5
Nb6 22. Bg5 Qxg4 23. Rde1 Rxe1 24. Rxe1 Bxf4 25. Bf6 Rf8 26. Ne4 Qd7 27. Bd4
Qxb5 28. Nf6+ Kg7 29. axb5 Bd2 30. Re2 1-0

[Event "VII Open A"]
[Site "Genova ITA"]
[Date "2003.08.07"]
[Round "7"]
[White "Djuric, Stefan"]
[Black "Godena, Michele"]
[Result "1/2-1/2"]
[WhiteElo "2488"]
[BlackElo "2517"]
[PlyCount "57"]
[EventDate "2003.08.02"]

1. c4 e6 2. Nc3 d5 3. d4 c6 4. Nf3 Nf6 5. Bg5 h6 6. Bxf6 Qxf6 7. e3 Nd7 8. Bd3
dxc4 9. Bxc4 g6 10. O-O Qe7 11. e4 Bg7 12. Re1 O-O 13. e5 Rd8 14. Qc2 b6 15. a4
Rb8 16. h4 Bb7 17. Rad1 b5 18. Ba2 b4 19. Ne4 c5 20. h5 g5 21. dxc5 Bxe4 22.
Rxe4 Nxc5 23. Rxd8+ Rxd8 24. Rc4 Nd3 25. Rc7 Rd7 26. Rc8+ Rd8 27. Rc7 Rd7 28.
Rc8+ Rd8 29. Rc7 1/2-1/2

[Event "VII Open A"]
[Site "Genova ITA"]
[Date "2003.08.07"]
[Round "7"]
[White "Giancotti, Eraldo"]
[Black "Gromovs, Sergejs"]
[Result "1/2-1/2"]
[WhiteElo "2078"]
[BlackElo "2345"]
[PlyCount "73"]
[EventDate "2003.08.02"]

1. e4 c5 2. Nf3 d6 3. g3 Nc6 4. Bg2 Nf6 5. d3 g6 6. O-O Bg7 7. c3 O-O 8. Re1
Qc7 9. Bg5 h6 10. Bf4 e5 11. Bc1 b5 12. Na3 Rb8 13. d4 b4 14. Nc2 bxc3 15. bxc3
Qa5 16. d5 Ne7 17. Bd2 Qa4 18. Ne3 Qxd1 19. Nxd1 Ba6 20. Bf1 Bxf1 21. Kxf1 c4
22. Ng1 Nd7 23. Ne3 Nb6 24. a4 a5 25. Ke2 f5 26. f3 h5 27. h4 f4 28. gxf4 exf4
29. Nd1 Nd7 30. Nh3 Be5 31. Ra2 Rb3 32. Nb2 Nb6 33. Rc1 Re8 34. Kd1 Rc8 35. Kc2
Rb8 36. Nxf4 Rf8 37. Ne2 1/2-1/2

[Event "VII Open A"]
[Site "Genova ITA"]
[Date "2003.08.07"]
[Round "7"]
[White "Lanzani, Mario"]
[Black "Di Paolo, Raffaele"]
[Result "1/2-1/2"]
[WhiteElo "2355"]
[BlackElo "2323"]
[PlyCount "31"]
[EventDate "2003.08.02"]

1. e4 e5 2. Nf3 Nc6 3. Nc3 Nf6 4. Bb5 Bb4 5. O-O O-O 6. d3 Bxc3 7. bxc3 d6 8.
Bg5 Bg4 9. h3 Bxf3 10. Qxf3 h6 11. Bxf6 Qxf6 12. Qxf6 gxf6 13. Bxc6 bxc6 14.
Rab1 Rfb8 15. Rb3 Rb6 16. Rfb1 1/2-1/2

[Event "VII Open A"]
[Site "Genova ITA"]
[Date "2003.08.07"]
[Round "7"]
[White "Piscopo, Pierluigi"]
[Black "Guastadini, Paolo"]
[Result "1-0"]
[WhiteElo "2319"]
[BlackElo "1804"]
[PlyCount "71"]
[EventDate "2003.08.02"]

1. e4 d6 2. d4 g6 3. f4 c5 4. c3 cxd4 5. cxd4 d5 6. e5 Bg7 7. Be3 Nc6 8. Nc3 a6
9. h3 h5 10. Qb3 e6 11. Nf3 b5 12. Bd3 Na5 13. Qc2 Nc4 14. Bf2 Bd7 15. O-O Qe7
16. Rac1 Nh6 17. b3 Na3 18. Qe2 Qd8 19. Bh4 Qa5 20. Bf6 Rg8 21. Qe1 Qb6 22. Ne2
Bf8 23. Qc3 Rc8 24. Qd2 Rb8 25. Qc3 Rc8 26. Qd2 Rb8 27. Rfd1 b4 28. Bg5 Rh8 29.
g3 Be7 30. Kg2 Bxg5 31. fxg5 Nf5 32. Bxf5 exf5 33. Nf4 Be6 34. Rc5 Qb7 35. Rdc1
Rc8 36. Nxe6 1-0

[Event "VII Open A"]
[Site "Genova ITA"]
[Date "2003.08.07"]
[Round "7"]
[White "Shytaj, Carlo"]
[Black "Isonzo, David"]
[Result "0-1"]
[WhiteElo "2150"]
[BlackElo "2347"]
[PlyCount "72"]
[EventDate "2003.08.02"]

1. e4 c5 2. Nf3 e6 3. c4 Nc6 4. Nc3 Nf6 5. d3 d5 6. exd5 exd5 7. Bf4 Bd6 8.
Bxd6 Qxd6 9. Be2 O-O 10. O-O d4 11. Ne4 Nxe4 12. dxe4 f5 13. Bd3 f4 14. h3 Bd7
15. Re1 Ne5 16. Nxe5 Qxe5 17. f3 a5 18. b3 Ra6 19. Kf2 Rg6 20. Rh1 Qg5 21. Qg1
Re8 22. Qh2 Qh4+ 23. Ke2 Re5 24. Raf1 Reg5 25. Rf2 a4 26. Rb1 Rg3 27. bxa4 Bc8
28. a5 Qd8 29. Rb5 Qc7 30. Qh1 Bd7 31. Rb6 Rxb6 32. axb6 Qxb6 33. Qb1 Rg6 34.
Qxb6 Rxb6 35. Kd1 Kf7 36. Rc2 Ba4 0-1

[Event "VII Open A"]
[Site "Genova ITA"]
[Date "2003.08.07"]
[Round "7"]
[White "Shytaj, Luca"]
[Black "Fraser-Mitchell, Jeremy N."]
[Result "1-0"]
[WhiteElo "2336"]
[BlackElo "2063"]
[PlyCount "80"]
[EventDate "2003.08.02"]

1. e4 e6 2. d4 d5 3. Nd2 Nf6 4. e5 Nfd7 5. f4 c5 6. c3 Nc6 7. Ne2 cxd4 8. cxd4
f5 9. Nf3 Be7 10. Nc3 O-O 11. Bd3 Nb6 12. O-O Bd7 13. Kh1 a5 14. Rg1 a4 15. g4
Na5 16. Qe2 Rc8 17. Bd2 Nbc4 18. gxf5 exf5 19. Nxd5 Nxd2 20. Qxd2 Bc6 21. Qg2
Bg5 22. Ne3 Bxf3 23. Qxf3 Qxd4 24. Nxf5 Qxf4 25. Qxf4 Bxf4 26. Ne7+ Kh8 27.
Nxc8 Rxc8 28. Rge1 g6 29. e6 Re8 30. Re4 Bd6 31. Bb5 Re7 32. Rd1 Bc5 33. Bxa4
Nc6 34. Bxc6 bxc6 35. Rc1 Ba7 36. Rxc6 Kg7 37. Rd6 Kf6 38. Rd7 Bc5 39. Rxe7
Kxe7 40. b4 Bxb4 1-0

[Event "VII Open A"]
[Site "Genova ITA"]
[Date "2003.08.07"]
[Round "7"]
[White "Stovring, Claus"]
[Black "Guido, Flavio"]
[Result "1/2-1/2"]
[WhiteElo "2068"]
[BlackElo "2332"]
[PlyCount "53"]
[EventDate "2003.08.02"]

1. e4 c5 2. Nf3 e6 3. d4 cxd4 4. Nxd4 Nf6 5. Nc3 d6 6. g4 Nc6 7. g5 Nd7 8. Be3
a6 9. h4 Qc7 10. f4 b5 11. f5 Nde5 12. fxe6 fxe6 13. a3 Be7 14. Bh3 Nxd4 15.
Bxd4 O-O 16. Bxe5 dxe5 17. Rf1 Bd7 18. Rxf8+ Rxf8 19. Nd5 exd5 20. Qxd5+ Kh8
21. Qxd7 Qxc2 22. Qxe7 Qxe4+ 23. Kd1 Qh1+ 24. Kc2 Qe4+ 25. Kd1 Qh1+ 26. Kc2
Qe4+ 27. Kd1 1/2-1/2

[Event "VII Open A"]
[Site "Genova ITA"]
[Date "2003.08.07"]
[Round "7"]
[White "White, Kevin D."]
[Black "Mollero, Michele"]
[Result "0-1"]
[WhiteElo "2037"]
[BlackElo "2179"]
[PlyCount "72"]
[EventDate "2003.08.02"]

1. e4 Nf6 2. e5 Nd5 3. c4 Nb6 4. d4 d6 5. exd6 exd6 6. Nc3 Be7 7. Bd3 Nc6 8.
Nge2 Bg4 9. f3 Bh5 10. O-O O-O 11. Be3 Nb4 12. Nf4 Bg5 13. h3 Bxf4 14. Bxf4 Qf6
15. Be3 Nxd3 16. Qxd3 Bg6 17. Qd2 Rfe8 18. Rfe1 Qd8 19. Qf2 d5 20. c5 Nd7 21.
b4 c6 22. a4 Qf6 23. b5 Re6 24. a5 a6 25. bxc6 bxc6 26. Na4 Rae8 27. Nb6 Nxc5
28. Bg5 Rxe1+ 29. Rxe1 Rxe1+ 30. Qxe1 Qxd4+ 31. Kh1 Ne6 32. Nd7 h6 33. Be3 Qb2
34. Bb6 Bd3 35. Ne5 Bb5 36. Ng4 Qe2 0-1

[Event "VII Open A"]
[Site "Genova ITA"]
[Date "2003.08.08"]
[Round "8"]
[White "Bertino, Andrea"]
[Black "Astengo, Marcello"]
[Result "1-0"]
[WhiteElo "2016"]
[BlackElo "2070"]
[PlyCount "81"]
[EventDate "2003.08.02"]

1. d4 d5 2. c4 c6 3. Nf3 Nf6 4. Nc3 e6 5. e3 Nbd7 6. Bd3 dxc4 7. Bxc4 b5 8. Bd3
Bb7 9. e4 a6 10. e5 Nd5 11. Nxd5 cxd5 12. Ng5 Bb4+ 13. Kf1 Be7 14. h4 Qb6 15.
Be3 f5 16. exf6 Nxf6 17. Nxh7 Nxh7 18. Qh5+ Kd7 19. Bxh7 Raf8 20. Qg6 Bf6 21.
Qd3 a5 22. Rd1 b4 23. Qb1 Ba6+ 24. Kg1 Be2 25. Rd2 Bh5 26. Bd3 Ke7 27. Bg6 Bg4
28. h5 Qb5 29. f3 Bf5 30. Bxf5 exf5 31. Qe1 Kd7 32. Qg3 Qc6 33. Kf2 Re8 34. Qf4
Qe6 35. Rc2 Ke7 36. Re1 Kf7 37. Bd2 Qa6 38. Rc7+ Kf8 39. Qxf5 Rxe1 40. Kxe1 Qd6
41. Rc8+ 1-0

[Event "VII Open A"]
[Site "Genova ITA"]
[Date "2003.08.08"]
[Round "8"]
[White "Di Paolo, Raffaele"]
[Black "Isonzo, David"]
[Result "1-0"]
[WhiteElo "2323"]
[BlackElo "2347"]
[PlyCount "37"]
[EventDate "2003.08.02"]

1. e4 c5 2. Nf3 d6 3. d4 cxd4 4. Nxd4 Nf6 5. Nc3 a6 6. Bc4 e6 7. Bb3 b5 8. O-O
Be7 9. Qf3 Qb6 10. Be3 Qb7 11. a3 O-O 12. Rfe1 Nbd7 13. Qg3 Kh8 14. Bg5 Nc5 15.
Qh4 e5 16. Nd5 Nxb3 17. Bxf6 Qxd5 18. Bxe7 Qxe4 19. Rad1 1-0

[Event "VII Open A"]
[Site "Genova ITA"]
[Date "2003.08.08"]
[Round "8"]
[White "Godena, Michele"]
[Black "Abolianin, Arthur"]
[Result "1/2-1/2"]
[WhiteElo "2517"]
[BlackElo "2418"]
[PlyCount "24"]
[EventDate "2003.08.02"]

1. e4 c5 2. Nf3 g6 3. c3 Qa5 4. Na3 Bg7 5. d4 cxd4 6. Nc4 Qd8 7. cxd4 Nf6 8. e5
Nd5 9. Bd3 O-O 10. Be4 Nb6 11. Nxb6 Qxb6 12. Bg5 d5 1/2-1/2

[Event "VII Open A"]
[Site "Genova ITA"]
[Date "2003.08.08"]
[Round "8"]
[White "Gromovs, Sergejs"]
[Black "Allegranti, Luca"]
[Result "1-0"]
[WhiteElo "2345"]
[BlackElo "1984"]
[PlyCount "75"]
[EventDate "2003.08.02"]

1. d4 f5 2. c4 Nf6 3. Nc3 g6 4. Nf3 Bg7 5. g3 d6 6. Bg2 O-O 7. O-O Qe8 8. d5 a5
9. Nd4 Na6 10. b3 Bd7 11. Bb2 Rc8 12. a3 c6 13. Qd2 Nc5 14. b4 axb4 15. axb4 e5
16. bxc5 exd4 17. Qxd4 Ne4 18. Qxg7+ Kxg7 19. Nxe4+ Kg8 20. Nxd6 Qxe2 21. Bd4
Rce8 22. Rfb1 Qd2 23. Rd1 Qc2 24. Rac1 Qe2 25. Nxb7 Re4 26. Nd6 Rxd4 27. Rxd4
cxd5 28. cxd5 Qb2 29. Rdd1 Ba4 30. Re1 f4 31. g4 f3 32. Bf1 h5 33. c6 Qd4 34.
Ne4 Qb4 35. g5 Bc2 36. Nf6+ Rxf6 37. gxf6 Qg4+ 38. Kh1 1-0

[Event "VII Open A"]
[Site "Genova ITA"]
[Date "2003.08.08"]
[Round "8"]
[White "Guastadini, Paolo"]
[Black "Shytaj, Carlo"]
[Result "1-0"]
[WhiteElo "1804"]
[BlackElo "2150"]
[PlyCount "85"]
[EventDate "2003.08.02"]

1. e4 d6 2. d4 Nf6 3. f3 c6 4. c4 e5 5. d5 Nbd7 6. Nc3 Be7 7. Be3 O-O 8. g4 a6
9. Qd2 cxd5 10. cxd5 b5 11. Bd3 Nb6 12. b3 Bb7 13. Nge2 Rc8 14. O-O Nfd7 15. a4
b4 16. Na2 a5 17. Bb5 Nc5 18. Rab1 h6 19. Ng3 Bg5 20. Bxg5 Qxg5 21. Qxg5 hxg5
22. Rfc1 Ba6 23. Bxa6 Nxa6 24. Nf5 Rxc1+ 25. Nxc1 Rd8 26. Ne7+ Kf8 27. Nc6 Rc8
28. Nd3 Nd7 29. Rc1 Ndc5 30. Nxc5 Nxc5 31. Nxa5 Ra8 32. Rxc5 dxc5 33. Nc4 f6
34. Kf2 Ke7 35. Ke2 Rh8 36. Kd3 Rxh2 37. Nb6 Kd6 38. Kc4 Rc2+ 39. Kb5 Rc3 40.
a5 Rxb3 41. a6 Rb1 42. a7 Ra1 43. Na4 1-0

[Event "VII Open A"]
[Site "Genova ITA"]
[Date "2003.08.08"]
[Round "8"]
[White "Guido, Flavio"]
[Black "Djuric, Stefan"]
[Result "0-1"]
[WhiteElo "2332"]
[BlackElo "2488"]
[PlyCount "92"]
[EventDate "2003.08.02"]

1. e4 c5 2. c3 d5 3. exd5 Qxd5 4. d4 Nf6 5. Nf3 g6 6. Na3 cxd4 7. Nb5 Na6 8.
Qxd4 Bg7 9. Be3 Qxd4 10. Bxd4 b6 11. Be2 O-O 12. O-O Bb7 13. Rfd1 Nc5 14. c4
Rfc8 15. h3 Nh5 16. Bxg7 Kxg7 17. Rd4 Nf6 18. g3 Nce4 19. Rc1 Rc5 20. Nc3 Nxc3
21. Rxc3 Rac8 22. Re3 Bxf3 23. Rxf3 Ra5 24. a3 Re5 25. Re3 Rxe3 26. fxe3 h5 27.
Bd3 e6 28. Kf2 Kf8 29. Bc2 e5 30. Rd1 Rxc4 31. Bb3 Rc7 32. Rd8+ Ke7 33. Ra8
Ne4+ 34. Kg2 Nd2 35. Bd5 e4 36. g4 h4 37. Kf2 Kd6 38. Ke2 Nf3 39. Bxe4 Ng1+ 40.
Kd3 Nxh3 41. Rh8 Nf2+ 42. Kd4 Nxg4 43. Rxh4 Ne5 44. b3 f5 45. Ba8 Rc8 46. Bb7
Rc1 0-1

[Event "VII Open A"]
[Site "Genova ITA"]
[Date "2003.08.08"]
[Round "8"]
[White "Jones, Gawain C.B."]
[Black "Vigile, Matteo"]
[Result "1-0"]
[WhiteElo "2347"]
[BlackElo "2080"]
[PlyCount "101"]
[EventDate "2003.08.02"]

1. e4 e5 2. Nf3 Nc6 3. Nc3 Nf6 4. Bb5 Bb4 5. O-O O-O 6. d3 d6 7. Bg5 Bxc3 8.
bxc3 Qe7 9. Re1 Nd8 10. d4 Ne6 11. Bc1 c5 12. Bf1 Nc7 13. a4 Bg4 14. h3 Bxf3
15. Qxf3 Nd7 16. Ba3 Ne6 17. Rab1 b6 18. d5 Nf4 19. g3 Ng6 20. h4 Rfc8 21. Bc1
Rc7 22. c4 a6 23. Bg5 f6 24. Bd2 Rb8 25. Rb3 Rcb7 26. Reb1 Ngf8 27. Bh3 Kh8 28.
Qe2 Qf7 29. Kh2 Qe7 30. h5 Qf7 31. Kg2 Qe7 32. Bf5 Qe8 33. Qg4 Qf7 34. Be6 Qe7
35. f4 exf4 36. gxf4 Nxe6 37. dxe6 f5 38. exf5 Nf6 39. Qg5 Qe8 40. Re1 Qxh5 41.
Rh3 Qe8 42. Bc3 Qf8 43. Reh1 Re7 44. Kf1 b5 45. Qg6 Qg8 46. Bxf6 gxf6 47. Qxf6+
Rg7 48. cxb5 axb5 49. Rxh7+ Qxh7 50. Rxh7+ Kxh7 51. Qh4+ 1-0

[Event "VII Open A"]
[Site "Genova ITA"]
[Date "2003.08.08"]
[Round "8"]
[White "Lanzani, Mario"]
[Black "Stovring, Claus"]
[Result "1-0"]
[WhiteElo "2355"]
[BlackElo "2068"]
[PlyCount "89"]
[EventDate "2003.08.02"]

1. e4 e5 2. Nf3 Nf6 3. Nxe5 d6 4. Nf3 Nxe4 5. Bd3 Nc5 6. Be2 Be7 7. d4 Ne6 8.
c4 O-O 9. Nc3 Ng5 10. O-O Nxf3+ 11. Bxf3 c6 12. Re1 Bf5 13. Qb3 Qc7 14. Bf4 Na6
15. c5 Rad8 16. Qa3 Qd7 17. Rxe7 Qxe7 18. Bxd6 Rxd6 19. cxd6 Qd7 20. Be2 Re8
21. d5 Re5 22. dxc6 Qxc6 23. Bf3 Qe8 24. h3 Nc5 25. Nd5 Re1+ 26. Rxe1 Qxe1+ 27.
Kh2 Qe5+ 28. g3 Qxd6 29. Qxa7 h6 30. Qb6 Qxb6 31. Nxb6 Be4 32. Bxe4 Nxe4 33.
Kg2 Kf8 34. Nd5 Ke8 35. Nc3 Nc5 36. Kf3 Kd7 37. Ke3 Kc6 38. b4 Ne6 39. a4 f5
40. Kd3 h5 41. Ne2 Ng5 42. h4 Ne4 43. f3 Nf2+ 44. Kd4 Nh1 45. Ke5 1-0

[Event "VII Open A"]
[Site "Genova ITA"]
[Date "2003.08.08"]
[Round "8"]
[White "Mollero, Michele"]
[Black "Giancotti, Eraldo"]
[Result "0-1"]
[WhiteElo "2179"]
[BlackElo "2078"]
[PlyCount "49"]
[EventDate "2003.08.02"]

1. d4 d6 2. e4 Nf6 3. Nc3 g6 4. f4 Bg7 5. e5 Nfd7 6. Nf3 c5 7. Bc4 cxd4 8.
Bxf7+ Kxf7 9. e6+ Ke8 10. exd7+ Bxd7 11. Nxd4 Nc6 12. Nxc6 bxc6 13. Be3 Rb8 14.
Bd4 e5 15. fxe5 c5 16. Bf2 Bxe5 17. O-O Qg5 18. Bg3 Bc6 19. Ne2 h5 20. Rf2 Rf8
21. Rxf8+ Kxf8 22. Qf1+ Kg8 23. Bxe5 Qxe5 24. b3 Rf8 25. Qe1 0-1

[Event "VII Open A"]
[Site "Genova ITA"]
[Date "2003.08.08"]
[Round "8"]
[White "Sale, Srdjan"]
[Black "Milov, Vadim"]
[Result "0-1"]
[WhiteElo "2420"]
[BlackElo "2595"]
[PlyCount "70"]
[EventDate "2003.08.02"]

1. Nf3 c5 2. b3 d6 3. Bb2 e5 4. e4 Nf6 5. Bb5+ Nc6 6. Qe2 Be7 7. c3 O-O 8. O-O
Nh5 9. d4 Nf4 10. Qe3 f5 11. dxe5 fxe4 12. Qxe4 d5 13. Qe3 Qe8 14. Kh1 a6 15.
Bd3 Qh5 16. Nbd2 Bg4 17. Rfe1 Rae8 18. Bf1 Bd6 19. exd6 Rxe3 20. fxe3 Ne6 21.
e4 dxe4 22. Rxe4 Ng5 23. Bc4+ Kh8 24. Nxg5 Qxg5 25. Rf1 Rxf1+ 26. Nxf1 Bd7 27.
Re1 Qf6 28. Rd1 Ne5 29. Be2 Ng4 30. Rd2 Nf2+ 31. Kg1 Ne4 32. Rc2 Qf2+ 33. Kh1
Bc6 34. Bd3 Nd2 35. Rxd2 Bxg2# 0-1

[Event "VII Open A"]
[Site "Genova ITA"]
[Date "2003.08.08"]
[Round "8"]
[White "Shytaj, Luca"]
[Black "Piscopo, Pierluigi"]
[Result "1-0"]
[WhiteElo "2336"]
[BlackElo "2319"]
[PlyCount "65"]
[EventDate "2003.08.02"]

1. e4 c5 2. Nf3 Nc6 3. Nc3 Nf6 4. Bb5 Nd4 5. e5 Nxb5 6. Nxb5 Nd5 7. O-O a6 8.
Nc3 Nxc3 9. dxc3 g6 10. Qd5 Bg7 11. Qxc5 b6 12. Qd5 Rb8 13. Bf4 Bb7 14. Qd3 Rc8
15. Rad1 Rc5 16. Rfe1 Rd5 17. Nd4 b5 18. Qg3 Kf8 19. Nb3 h6 20. Rxd5 Bxd5 21.
Rd1 e6 22. h4 Ke8 23. Nc5 a5 24. b3 Qc7 25. Nxd7 Qxd7 26. c4 bxc4 27. bxc4 Qc6
28. cxd5 exd5 29. Qb3 g5 30. hxg5 hxg5 31. Bxg5 Rh5 32. Qb8+ Kd7 33. Qd8+ 1-0

[Event "VII Open A"]
[Site "Genova ITA"]
[Date "2003.08.09"]
[Round "9"]
[White "Abolianin, Arthur"]
[Black "Di Paolo, Raffaele"]
[Result "1-0"]
[WhiteElo "2418"]
[BlackElo "2323"]
[PlyCount "99"]
[EventDate "2003.08.02"]

1. Nf3 d6 2. g3 g6 3. Bg2 Bg7 4. c4 Nf6 5. Nc3 O-O 6. O-O Nc6 7. Rb1 a5 8. a3
e5 9. d3 Re8 10. Nd2 Bf5 11. b4 axb4 12. axb4 Qd7 13. b5 Nd8 14. Re1 Bh3 15.
Bh1 Ng4 16. Nde4 Ne6 17. f3 f5 18. fxg4 fxe4 19. Nxe4 Rf8 20. Nf2 Rxf2 21. Kxf2
Rf8+ 22. Kg1 Qf7 23. Bf3 e4 24. dxe4 Bd4+ 25. Kh1 Bf2 26. Bb2 Ng5 27. Rf1 Bxf1
28. Qxf1 Nxf3 29. Qxf2 Ne5 30. Qxf7+ Kxf7 31. Bd4 Ke6 32. c5 dxc5 33. Bxc5 Ra8
34. Kg2 Ra2 35. Kf1 Nxg4 36. Bg1 Rc2 37. Rd1 Nf6 38. Rd8 Rb2 39. Rc8 Rxb5 40.
Rxc7 h5 41. Rg7 g5 42. e5 Ne4 43. Rh7 Kxe5 44. Rxh5 Rb1+ 45. Kg2 Re1 46. Be3
Kf5 47. h3 Rxe2+ 48. Kf3 Rh2 49. g4+ Ke5 50. Bf4+ 1-0

[Event "VII Open A"]
[Site "Genova ITA"]
[Date "2003.08.09"]
[Round "9"]
[White "Corso, Sergio"]
[Black "Cacco, Christian"]
[Result "1-0"]
[WhiteElo "2149"]
[BlackElo "2330"]
[PlyCount "63"]
[EventDate "2003.08.02"]

1. d4 c5 2. d5 e6 3. c4 exd5 4. cxd5 d6 5. Nc3 g6 6. g3 Bg7 7. Bg2 Ne7 8. Nf3
Bg4 9. Nd2 O-O 10. h3 Bd7 11. a4 c4 12. Nxc4 Qc7 13. Ne3 Na6 14. O-O Rae8 15.
Bd2 f5 16. f4 Nc8 17. Kh2 Qc5 18. Rf3 Nb6 19. Rc1 Qd4 20. a5 Na4 21. Nxa4 Qxa4
22. b3 Qd4 23. Nc4 Qf6 24. Bc3 Qe7 25. Re3 Qd8 26. Bxg7 Kxg7 27. Nxd6 Rxe3 28.
Qd4+ Rf6 29. Qxe3 Rxd6 30. Qxa7 Qxa5 31. Qd4+ Kf7 32. Qh8 1-0

[Event "VII Open A"]
[Site "Genova ITA"]
[Date "2003.08.09"]
[Round "9"]
[White "Esposito, Luca"]
[Black "Fraser-Mitchell, Jeremy N."]
[Result "1-0"]
[WhiteElo "2202"]
[BlackElo "2063"]
[PlyCount "41"]
[EventDate "2003.08.02"]

1. d4 f5 2. Nc3 d5 3. Bg5 c6 4. e3 Qb6 5. Na4 Qa5+ 6. c3 Nd7 7. b4 Qc7 8. Nc5
Nxc5 9. bxc5 e5 10. Nf3 e4 11. Ne5 g6 12. Bf4 Qe7 13. c4 Bg7 14. cxd5 Bxe5 15.
Bxe5 Nf6 16. dxc6 bxc6 17. Qa4 Bd7 18. Rb1 Kf7 19. Rb7 Rhc8 20. Bc4+ Nd5 21.
Bxd5+ 1-0

[Event "VII Open A"]
[Site "Genova ITA"]
[Date "2003.08.09"]
[Round "9"]
[White "Giancotti, Eraldo"]
[Black "Jones, Gawain C.B."]
[Result "0-1"]
[WhiteElo "2078"]
[BlackElo "2347"]
[PlyCount "54"]
[EventDate "2003.08.02"]

1. Nf3 Nf6 2. d4 c5 3. e3 b6 4. Bd3 Bb7 5. O-O g6 6. b3 Bg7 7. Bb2 O-O 8. Nbd2
Nc6 9. a3 Re8 10. Rb1 d6 11. c4 cxd4 12. exd4 e5 13. dxe5 dxe5 14. Ne4 Nd4 15.
Nxf6+ Qxf6 16. Nxd4 exd4 17. Qg4 h5 18. Qd1 h4 19. f3 h3 20. gxh3 Re3 21. Be4
Qg5+ 22. Kf2 Rxe4 23. fxe4 Bxe4 24. Qe2 Bxb1 25. Rxb1 Qf5+ 26. Qf3 Qc2+ 27. Kg3
Rc8 0-1

[Event "VII Open A"]
[Site "Genova ITA"]
[Date "2003.08.09"]
[Round "9"]
[White "Godena, Michele"]
[Black "Shytaj, Luca"]
[Result "1-0"]
[WhiteElo "2517"]
[BlackElo "2336"]
[PlyCount "105"]
[EventDate "2003.08.02"]

1. e4 c5 2. c3 Nf6 3. e5 Nd5 4. Nf3 e6 5. d4 cxd4 6. cxd4 d6 7. Bc4 Nc6 8. O-O
Be7 9. Qe2 O-O 10. Rd1 Qc7 11. Bd2 Rd8 12. Na3 a6 13. Rac1 dxe5 14. dxe5 Bd7
15. Bd3 Rac8 16. Qe4 g6 17. Nc4 b5 18. Ne3 Nxe3 19. Qxe3 Be8 20. a3 Qa7 21.
Qxa7 Nxa7 22. Rxc8 Nxc8 23. Ba5 Rd5 24. Be2 Rxd1+ 25. Bxd1 Bc5 26. Nd2 Bd4 27.
Bc3 Bxc3 28. bxc3 Bc6 29. f4 Nb6 30. Kf2 f6 31. exf6 Kf7 32. Bf3 Bxf3 33. Kxf3
Kxf6 34. Ke4 h5 35. g3 Ke7 36. Kd4 Kd6 37. c4 bxc4 38. Nxc4+ Nxc4 39. Kxc4 Kc6
40. Kd4 Kd6 41. Ke4 a5 42. Kd4 g5 43. a4 gxf4 44. gxf4 Ke7 45. Kc5 Kf6 46. Kb5
Kf5 47. Kxa5 Kxf4 48. Kb4 e5 49. Kc3 Ke4 50. Kc4 Kf4 51. a5 e4 52. a6 e3 53.
Kd3 1-0